00858 a2200181 45000010006000000050017000060080041000230030015000640400040000790800059001192450058001782640029002363000019002655050323002841000020006077000024006277000025006514856320260407155750.0260407a1978 arg spa dAR-UNSa-BCEJYS aAR-UNSa-BCEJYSbspacAR-UNSa-BCEJYS a004.04xOrientación del proceso (diagramas de flujo)10aDiagrama de flujopmanual de logica para computadoras 1aMéxico :bLimusac1978 a362 p.c26 cm. a1. ¿Por qué estudiar sobre las computadoras? - 2. Elementos de los diagramas de flujo - 3. Problemas con procedimientos más complejos - 4. Procesos aritméticos - 5. Procedimientos de programación comunes - 6. Tablas y revisiones de tablas - 7. Simbolizar en diagrama de flujo y otras tareas de programación.1 aStern, Nancy B.1 aLara Ruiz, Fernando1 aPerez Segui, Enrique